Office 2016 in easy steps / (Record no. 143606)

MARC details
000 -LEADER
fixed length control field 00614nam a22002057a 4500
005 - DATE AND TIME OF LATEST TRANSACTION
control field 20170821142344.0
010 ## - LCCN (DPL NO)
LC control number ENG-119904
020 ## - INTERNATIONAL STANDARD BOOK NUMBER
International Standard Book Number 9789386551399
Terms of availability 195.00
035 ## - SYSTEM CONTROL NUMBER
System control number EN-103436
037 ## - SOURCE OF ACQUISITION
Source of stock number/acquisition DBAD/PUB
082 ## - DEWEY DECIMAL CLASSIFICATION NUMBER
Classification number 005.5
100 ## - MAIN ENTRY--PERSONAL NAME
Personal name Price, Michael
245 ## - TITLE STATEMENT
Title Office 2016 in easy steps /
Statement of responsibility, etc by Michael Price [and] Mike McGrath
Remainder of title
260 ## - PUBLICATION, DISTRIBUTION, ETC. (IMPRINT)
Place of publication, distribution, etc New Delhi
Name of publisher, distributor, etc BPB Publications
Date of publication, distribution, etc 2017
270 ## - ADDRESS
Address 20 Ansari Road, Darya Ganj,
City New Delhi
Postal code 110002
300 ## - PHYSICAL DESCRIPTION
Extent 240p. :
Dimensions 23cm(pbk)
Other physical details ill.
500 ## - GENERAL NOTE
General note Includes index
700 ## - ADDED ENTRY--PERSONAL NAME
Personal name McGrath, Mike
942 ## - ADDED ENTRY ELEMENTS (KOHA)
Source of classification or shelving scheme Dewey Decimal Classification
Item type English Books
Classification part 005.5
Call number suffix PRI
Holdings
Withdrawn status Lost status Not for loan Collection code Home library Current library Date acquired Source of acquisition Cost, normal purchase price Full call number Barcode Copy number Cost, replacement price Koha item type
    Not For Loan Non-fiction D.B.Act.Division Bawana 21/08/2017 DBAD/PUB 195.00 005.5 PRI EN-103436 1 195.00 English Books

© Delhi Public Library
Hit Counter
free hit counter